000 00810nam a2200265 a 4500
005 20140310183302.0
008 050708s19uu xx 00 eng d
020 _a9780781774932
050 _aRC 76
_b.B38 2007
100 _aBickley, Lynn S.
245 _aBates' pocket guide to physical examination and history taking /
_cLynn S. Bickley and Peter G. Szilagyi.
250 _a4th ed.
260 _aPhiladelphia :
_bLippincott Williams & Wilkins,
_c2007.
300 _a376 p. :
_bill. ;
_c18 p. :
521 _aNUR
650 _aPhysical diagnosis.
650 _aMedical History Taking
_xHandbooks.
650 _aPhysical examination
_xMethods
_xHandbooks, manuals, etc.
942 _cBK
_2lcc
_kFOR
999 _c21007
_d21007